|
|
|
|
| LEADER |
00000nam0a2200000 4500 |
| 001 |
300516 |
| 005 |
20231102001317.0 |
| 035 |
|
|
|a (RuTPU)RU\TPU\book\325669
|
| 090 |
|
|
|a 300516
|
| 100 |
|
|
|a 20150710d1982 m y0rusy50 ca
|
| 101 |
0 |
|
|a rus
|
| 102 |
|
|
|a RU
|
| 105 |
|
|
|a y j 001zy
|
| 200 |
1 |
|
|a Теория государства и права
|e учебник
|f Ленинградский государственный университет (ЛГУ) ; под ред. А. И. Королева, Л. С. Явича
|
| 210 |
|
|
|a Ленинград
|c Изд-во Ленинградского ун-та
|d 1982
|
| 215 |
|
|
|a 382 с.
|
| 320 |
|
|
|a Библиогр.: с. 377-378
|
| 606 |
1 |
|
|a Государство и право
|x Теория
|2 stltpush
|3 (RuTPU)RU\TPU\subj\8388
|9 35806
|
| 610 |
1 |
|
|a учебники
|
| 610 |
1 |
|
|a происхождение
|
| 610 |
1 |
|
|a сущность
|
| 610 |
1 |
|
|a исторические типы
|
| 610 |
1 |
|
|a социалистическое право
|
| 610 |
1 |
|
|a социалистическое государство
|
| 610 |
1 |
|
|a функции
|
| 610 |
1 |
|
|a государственный аппарат
|
| 610 |
1 |
|
|a формы
|
| 610 |
1 |
|
|a правосознание
|
| 610 |
1 |
|
|a нормы
|
| 610 |
1 |
|
|a правоотношения
|
| 610 |
1 |
|
|a законность
|
| 610 |
1 |
|
|a правовое регулирование
|
| 686 |
|
|
|a Х0я73
|v LBC/SL-A
|2 rubbk
|
| 702 |
|
1 |
|a Королев
|b А. И.
|4 340
|
| 702 |
|
1 |
|a Явич
|b Л. С.
|4 340
|
| 712 |
0 |
2 |
|a Ленинградский государственный университет (ЛГУ)
|c (1924-1991)
|2 stltpush
|3 (RuTPU)RU\TPU\col\77
|
| 801 |
|
1 |
|a RU
|b 63413507
|c 20150710
|
| 801 |
|
2 |
|a RU
|b 63413507
|c 20190606
|g RCR
|
| 942 |
|
|
|c BK
|